| 000 | 03775nam a2200481 a 4500 | ||
|---|---|---|---|
| 005 | 20080808105145.0 | ||
| 008 | 080808t xxu||||| |||| 00| 0 eng d | ||
| 010 | _aB-282997-283012 | ||
| 020 |
_a0439739365 _c225.00 |
||
| 035 | _aB-282997-283012 | ||
| 040 |
_aDPL _bEN |
||
| 082 | _a741.5 | ||
| 100 | _aTelgemeier, Raina | ||
| 245 |
_aThe truth about Stacey: _ba graphic novel / _cby Raina Telgemeier;edited by David Levithan & Janna Morishima |
||
| 250 | _a1st ed. | ||
| 260 |
_aNew York : _bScholastic India _c2007 |
||
| 300 |
_a141 p. : _bill. _c24 cm (pbk) |
||
| 490 | _aThe Baby-sitters Club / by Ann M. Martin | ||
| 500 | _aBased on: The truth about Stacey / Ann M. Martin. | ||
| 700 | _aMartin, Ann M. | ||
| 700 | _aLevithan, David | ||
| 700 | _aMorishima, Janna | ||
| 942 |
_2ddc _cCH _h741.5 _mTEL |
||
| 999 |
_c14757 _d14757 |
||